| 000 | 00803nam a22002297a 4500 | ||
|---|---|---|---|
| 999 |
_c6499 _d6499 |
||
| 003 | OSt | ||
| 005 | 20200212130914.0 | ||
| 008 | 200212s1999 ck a|||br|||| 00| j spa d | ||
| 020 | _a9789583006555 | ||
| 040 |
_aCO-JMCR _cCO-JMCR |
||
| 041 | 0 | _aspa | |
| 082 | 0 | 4 |
_aC / _bPOMc |
| 100 | 1 |
_aPombo, Rafael, _eautor _9493 |
|
| 245 | 1 | 0 |
_aCuentos pintados / _cRafael Pombo |
| 250 | _aPrimera edición | ||
| 260 |
_aBogotá : _bPanamericana, _c1999 |
||
| 300 |
_a63 páginas : _bilustraciones a color ; _c28 cm. |
||
| 490 | 0 | _aLetras pegadas | |
| 505 | 0 | _aEl pardillo -- El renacuajo paseador -- Simón el bobito -- Pastorcita -- Juan Chunguero -- La pobre viejecita -- El gato bandido -- Juan Matachín -- Mirringa Mirronga | |
| 650 | 1 | 4 |
_aCuentos infantiles colombianos _ySiglo XX _9494 |
| 942 |
_2ddc _cBK |
||